000
00444nam a2200145Ia 4500
008
090124s9999 xx 000 0 und d
082
_b
207201
245
_a
राजा विक्रमादित्य
250
_a
1
260
_b
राघव संजीव
_c
2005
300
_a
128
630
_a
राजा विक्रमादित्य
730
_a
राजा विक्रमादित्य
942
_c
BOOK
999
_c
189229
_d
189229